Städte in deutsch #1 - Statistiken

Allgemein
  • Dieses Quiz wurde 232 mal gespielt
  • Das Durchschnittsergebnis liegt bei 5 aus 14
Antwortstatistiken
Fremdsprachlich Deutsch % Korrekt
Praha Prag
99%
Genève Genf
91%
Brno Brünn
58%
Bolzano Bozen
54%
Bratislava Pressburg
49%
Ljubljana Laibach
48%
Maribor Marburg
31%
Zagreb Agram
18%
Znojmo Znaim
15%
Sopron Ödenburg
13%
Český Krumlov Krumau
12%
Murska Sobota Olsnitz
3%
Ptuj Pettau
3%
Senj Zengg
3%
Keine übereinstimmenden Quizze gefunden
Verteilung der Resultate
Anzahl Personen mit jedem Resultat
Perzentil nach korrekt beantworteten Fragen
Ihre Resultats-Entwicklung
Sie haben dieses Quiz noch nicht gespielt